| 000 | 00884nam a22002412 4500 | ||
|---|---|---|---|
| 001 | 12630 | ||
| 003 | BD-RjUL | ||
| 005 | 20211208235329.0 | ||
| 008 | 140129s1957 nyucf 000 0 eng d | ||
| 035 | _a(BD-RjUL)12679 | ||
| 040 |
_aNDD _cNDD _dUKM _dEQO _dBD-RjUL _beng |
||
| 041 | _aeng | ||
| 082 |
_a579.2 _bSMB 1957 |
||
| 100 | 1 |
_aSmith, Kenneth M. _q(Kenneth Manley), _d1892-1981 _939338 |
|
| 245 | 1 | 0 |
_aBeyond the microscope : _bbeing an account of a voyage of discovery in the borderland country between the 'living' organism and the 'non- living' chemical / _c Kenneth M. Smith. |
| 250 | _a[New and revised edition] | ||
| 260 |
_aNew York : _bPenguin Books, _c1957 |
||
| 300 |
_a156 p. : _bincl. front. (port.) diagr. plates. ; _c19 cm. |
||
| 490 | 0 | _aPelican books | |
| 650 | 0 |
_aViruses _939339 |
|
| 650 | 0 |
_aDiseases _xCauses and theories of causation _937716 |
|
| 942 |
_2ddc _cBK |
||
| 999 |
_c12630 _d12630 |
||